[Event "Elite Hotels Open 2025"]
[Site "Elite Stadshotellet, Växjö, Sweden"]
[Date "2025.02.09"]
[Round "8.15"]
[White "Joensson, Oscar"]
[Black "Nilsson, Oliver"]
[Result "1-0"]
[TimeControl "R1-4: 15 min + 5 sek, R5-8: 90 min + 30 sek"]
[WhiteElo "2022"]
[BlackElo "2125"]

1. d4 {[%clk 01:30:57]} {[%emt 00:00:02]} Nf6 {[%clk 01:30:50]} {[%emt
00:00:11]} 2. c4 {[%clk 01:31:23]} {[%emt 00:00:04]} e6 {[%clk 01:31:14]}
{[%emt 00:00:07]} 3. g3 {[%clk 01:31:49]} {[%emt 00:00:04]} d5 {[%clk
01:31:36]} {[%emt 00:00:07]} 4. Nf3 {[%clk 01:32:14]} {[%emt 00:00:04]} Bb4+
{[%clk 01:32:01]} {[%emt 00:00:07]} 5. Bd2 {[%clk 01:32:38]} {[%emt 00:00:05]}
Be7 {[%clk 01:32:25]} {[%emt 00:00:06]} 6. Bg2 {[%clk 01:33:04]} {[%emt
00:00:04]} Nbd7 {[%clk 01:32:48]} {[%emt 00:00:08]} 7. Qc2 {[%clk 01:32:46]}
{[%emt 00:00:47]} c6 {[%clk 01:33:11]} {[%emt 00:00:07]} 8. O-O {[%clk
01:33:10]} {[%emt 00:00:06]} Ne4 {[%clk 01:33:36]} {[%emt 00:00:05]} 9. Bc1
{[%clk 01:33:13]} {[%emt 00:00:27]} f5 {[%clk 01:33:30]} {[%emt 00:00:36]} 10.
b3 {[%clk 01:32:12]} {[%emt 00:01:31]} g5 {[%clk 01:33:40]} {[%emt 00:00:20]}
11. Ba3 {[%clk 01:31:43]} {[%emt 00:01:00]} Bxa3 {[%clk 01:33:39]} {[%emt
00:00:30]} 12. Nxa3 {[%clk 01:32:07]} {[%emt 00:00:06]} h5 {[%clk 01:34:00]}
{[%emt 00:00:09]} 13. Ne1 {[%clk 01:28:01]} {[%emt 00:04:36]} h4 {[%clk
01:31:40]} {[%emt 00:02:51]} 14. Nd3 {[%clk 01:14:33]} {[%emt 00:13:58]} Qf6
{[%clk 01:31:14]} {[%emt 00:00:56]} 15. e3 {[%clk 01:14:24]} {[%emt 00:00:38]}
Qh6 {[%clk 01:26:00]} {[%emt 00:05:44]} 16. Bxe4 {[%clk 01:07:18]} {[%emt
00:07:36]} dxe4 {[%clk 01:25:33]} {[%emt 00:00:57]} 17. Ne5 {[%clk 01:07:02]}
{[%emt 00:00:46]} Nf6 {[%clk 01:06:28]} {[%emt 00:19:35]} 18. c5 {[%clk
01:02:46]} {[%emt 00:04:46]} g4 {[%clk 01:03:39]} {[%emt 00:03:19]} 19. Nac4
{[%clk 01:02:43]} {[%emt 00:00:32]} hxg3 {[%clk 01:02:50]} {[%emt 00:01:20]} 20.
fxg3 {[%clk 01:03:07]} {[%emt 00:00:06]} O-O {[%clk 01:03:01]} {[%emt
00:00:20]} 21. Rae1 {[%clk 01:01:37]} {[%emt 00:01:59]} Bd7 {[%clk 01:02:12]}
{[%emt 00:01:19]} 22. Nd6 {[%clk 01:00:45]} {[%emt 00:01:22]} Rab8 {[%clk
01:01:44]} {[%emt 00:00:58]} 23. b4 {[%clk 01:00:59]} {[%emt 00:00:16]} Be8
{[%clk 01:00:46]} {[%emt 00:01:29]} 24. Qb3 {[%clk 00:58:11]} {[%emt 00:03:17]}
Nd5 {[%clk 01:00:46]} {[%emt 00:00:30]} 25. b5 {[%clk 00:58:10]} {[%emt
00:00:32]} Bg6 {[%clk 00:59:58]} {[%emt 00:01:18]} 26. Nd7 {[%clk 00:58:18]}
{[%emt 00:00:21]} Rbd8 {[%clk 00:59:56]} {[%emt 00:00:32]} 27. Nxf8 {[%clk
00:58:41]} {[%emt 00:00:07]} Rxf8 {[%clk 00:59:41]} {[%emt 00:00:45]} 28. Nxb7
{[%clk 00:55:28]} {[%emt 00:03:44]} Rf7 {[%clk 00:59:40]} {[%emt 00:00:31]} 29.
bxc6 {[%clk 00:55:43]} {[%emt 00:00:14]} Rh7 {[%clk 00:59:56]} {[%emt
00:00:14]} 30. Rf2 {[%clk 00:56:02]} {[%emt 00:00:11]} Qh3 {[%clk 00:59:41]}
{[%emt 00:00:45]} 31. Nd6 {[%clk 00:55:31]} {[%emt 00:01:00]} f4 {[%clk
00:59:31]} {[%emt 00:00:41]} 32. exf4 {[%clk 00:53:33]} {[%emt 00:02:28]} e3
{[%clk 00:59:49]} {[%emt 00:00:12]} 33. Rxe3 {[%clk 00:53:56]} {[%emt
00:00:07]} Nxe3 {[%clk 00:56:28]} {[%emt 00:03:51]} 34. Qxe6+ {[%clk 00:54:20]}
{[%emt 00:00:06]} Bf7 {[%clk 00:56:44]} {[%emt 00:00:14]} 35. Qxe3 {[%clk
00:54:44]} {[%emt 00:00:06]} Bd5 {[%clk 00:56:55]} {[%emt 00:00:19]} 36. Qe8+
{[%clk 00:55:08]} {[%emt 00:00:06]} Kg7 {[%clk 00:57:20]} {[%emt 00:00:05]} 37.
Qe5+ {[%clk 00:55:33]} {[%emt 00:00:05]} 1-0

[Event "Elite Hotels Open 2025"]
[Site "Elite Stadshotellet, Växjö, Sweden"]
[Date "2025.02.09"]
[Round "8.16"]
[White "Ask, Josef"]
[Black "Alexandersson, Niklas"]
[Result "1-0"]
[TimeControl "R1-4: 15 min + 5 sek, R5-8: 90 min + 30 sek"]
[WhiteTitle "FM"]
[WhiteElo "2115"]
[BlackElo "2024"]

1. b3 {[%clk 01:30:59]} d6 {[%clk 01:30:42]} {[%emt 00:00:19]} 2. Bb2 {[%clk
01:31:13]} {[%emt 00:00:16]} Nd7 {[%clk 01:30:55]} {[%emt 00:00:17]} 3. c4
{[%clk 01:30:58]} {[%emt 00:00:45]} e5 {[%clk 01:27:29]} {[%emt 00:03:56]} 4.
e3 {[%clk 01:30:58]} {[%emt 00:00:30]} Ngf6 {[%clk 01:27:12]} {[%emt 00:00:46]}
5. d4 {[%clk 01:26:49]} {[%emt 00:04:40]} c6 {[%clk 01:26:54]} {[%emt
00:00:47]} 6. Nf3 {[%clk 01:26:22]} {[%emt 00:00:57]} Qc7 {[%clk 01:26:50]}
{[%emt 00:00:35]} 7. Nc3 {[%clk 01:26:31]} {[%emt 00:00:21]} Be7 {[%clk
01:21:36]} {[%emt 00:05:41]} 8. Be2 {[%clk 01:26:24]} {[%emt 00:00:40]} h6
{[%clk 01:20:41]} {[%emt 00:01:25]} 9. O-O {[%clk 01:26:01]} {[%emt 00:00:53]}
g5 {[%clk 01:18:16]} {[%emt 00:02:54]} 10. Qc2 {[%clk 01:24:49]} {[%emt
00:01:42]} Rg8 {[%clk 01:14:45]} {[%emt 00:04:00]} 11. Rfd1 {[%clk 01:24:23]}
{[%emt 00:00:58]} g4 {[%clk 01:08:34]} {[%emt 00:06:41]} 12. Nh4 {[%clk
01:22:33]} {[%emt 00:02:20]} Nf8 {[%clk 01:07:15]} {[%emt 00:01:49]} 13. Nf5
{[%clk 01:20:14]} {[%emt 00:02:49]} Bxf5 {[%clk 01:00:27]} {[%emt 00:07:18]} 14.
Qxf5 {[%clk 01:20:40]} {[%emt 00:00:04]} Rg5 {[%clk 01:00:41]} {[%emt
00:00:14]} 15. Qc2 {[%clk 01:20:17]} {[%emt 00:00:55]} Ng6 {[%clk 00:59:42]}
{[%emt 00:01:28]} 16. b4 {[%clk 01:17:14]} {[%emt 00:03:35]} h5 {[%clk
00:54:19]} {[%emt 00:05:52]} 17. d5 {[%clk 01:15:35]} {[%emt 00:02:09]} h4
{[%clk 00:54:17]} {[%emt 00:00:32]} 18. Qa4 {[%clk 01:13:35]} {[%emt 00:02:30]}
g3 {[%clk 00:53:18]} {[%emt 00:01:29]} 19. fxg3 {[%clk 01:13:46]} {[%emt
00:00:19]} hxg3 {[%clk 00:52:44]} {[%emt 00:01:04]} 20. h3 {[%clk 01:13:52]}
{[%emt 00:00:24]} Nh4 {[%clk 00:51:11]} {[%emt 00:02:02]} 21. dxc6 {[%clk
01:12:44]} {[%emt 00:01:39]} Qxc6 {[%clk 00:26:51]} {[%emt 00:24:49]} 22. Qxc6+
{[%clk 01:12:27]} {[%emt 00:00:48]} bxc6 {[%clk 00:27:14]} {[%emt 00:00:06]} 23.
b5 {[%clk 01:12:13]} {[%emt 00:00:45]} c5 {[%clk 00:25:57]} {[%emt 00:01:47]}
24. a4 {[%clk 01:12:02]} {[%emt 00:00:41]} Kd7 {[%clk 00:21:55]} {[%emt
00:04:30]} 25. a5 {[%clk 01:11:08]} {[%emt 00:01:26]} Rb8 {[%clk 00:21:01]}
{[%emt 00:01:22]} 26. b6 {[%clk 01:08:42]} {[%emt 00:02:57]} a6 {[%clk
00:19:37]} {[%emt 00:01:55]} 27. Nd5 {[%clk 01:07:12]} {[%emt 00:02:00]} Bd8
{[%clk 00:18:38]} {[%emt 00:01:28]} 28. Nxf6+ {[%clk 01:06:30]} {[%emt
00:01:13]} Bxf6 {[%clk 00:18:53]} {[%emt 00:00:14]} 29. Rd5 {[%clk 01:06:30]}
{[%emt 00:00:30]} Be7 {[%clk 00:18:12]} {[%emt 00:01:10]} 30. Rad1 {[%clk
01:06:23]} {[%emt 00:00:39]} Kc6 {[%clk 00:17:43]} {[%emt 00:00:56]} 31. Rf1
{[%clk 01:03:54]} {[%emt 00:03:02]} f5 {[%clk 00:17:47]} {[%emt 00:00:25]} 32.
Bd1 {[%clk 01:03:02]} {[%emt 00:01:23]} Rf8 {[%clk 00:15:56]} {[%emt 00:02:11]}
33. Ba4+ {[%clk 01:02:49]} {[%emt 00:00:54]} Kb7 {[%clk 00:16:14]} {[%emt
00:00:10]} 34. Bxe5 {[%clk 01:02:21]} {[%emt 00:00:59]} Rd8 {[%clk 00:13:43]}
{[%emt 00:03:01]} 35. Bf4 {[%clk 01:02:32]} {[%emt 00:00:17]} Rg6 {[%clk
00:13:34]} {[%emt 00:00:41]} 36. Rfd1 {[%clk 01:02:33]} {[%emt 00:00:29]} Kc8
{[%clk 00:12:45]} {[%emt 00:01:19]} 37. Bc6 {[%clk 01:01:36]} {[%emt 00:01:26]}
Kb8 {[%clk 00:12:56]} {[%emt 00:00:20]} 38. b7 {[%clk 00:58:43]} {[%emt
00:03:23]} Bg5 {[%clk 00:10:00]} {[%emt 00:03:25]} 39. Rxd6 {[%clk 00:56:29]}
{[%emt 00:02:45]} 1-0

[Event "Elite Hotels Open 2025"]
[Site "Elite Stadshotellet, Växjö, Sweden"]
[Date "2025.02.09"]
[Round "8.17"]
[White "Nielsen, Klaus"]
[Black "Joensson, Jacob"]
[Result "0-1"]
[TimeControl "R1-4: 15 min + 5 sek, R5-8: 90 min + 30 sek"]
[WhiteElo "2018"]
[BlackElo "2111"]

1. d4 {[%clk 01:30:56]} {[%emt 00:00:02]} Nf6 {[%clk 01:30:56]} {[%emt
00:00:05]} 2. Nf3 {[%clk 01:30:31]} {[%emt 00:00:55]} d5 {[%clk 01:31:09]}
{[%emt 00:00:18]} 3. e3 {[%clk 01:30:54]} {[%emt 00:00:07]} e6 {[%clk
01:27:44]} {[%emt 00:03:55]} 4. Bd3 {[%clk 01:31:18]} {[%emt 00:00:05]} Bd6
{[%clk 01:27:53]} {[%emt 00:00:21]} 5. Nbd2 {[%clk 01:31:38]} {[%emt 00:00:10]}
O-O {[%clk 01:28:08]} {[%emt 00:00:15]} 6. b3 {[%clk 01:32:02]} {[%emt
00:00:07]} b6 {[%clk 01:28:26]} {[%emt 00:00:13]} 7. Bb2 {[%clk 01:32:25]}
{[%emt 00:00:06]} Ba6 {[%clk 01:28:49]} {[%emt 00:00:07]} 8. c4 {[%clk
01:32:41]} {[%emt 00:00:13]} Qe7 {[%clk 01:27:05]} {[%emt 00:02:15]} 9. O-O
{[%clk 01:32:56]} {[%emt 00:00:14]} Rd8 {[%clk 01:24:57]} {[%emt 00:02:38]} 10.
Qe2 {[%clk 01:32:20]} {[%emt 00:01:07]} c6 {[%clk 01:21:44]} {[%emt 00:03:43]}
11. Ne5 {[%clk 01:31:46]} {[%emt 00:01:02]} Nfd7 {[%clk 01:20:19]} {[%emt
00:01:56]} 12. f4 {[%clk 01:19:39]} {[%emt 00:12:37]} f6 {[%clk 01:15:22]}
{[%emt 00:05:27]} 13. Nxd7 {[%clk 01:08:57]} {[%emt 00:11:12]} Nxd7 {[%clk
01:13:44]} {[%emt 00:02:09]} 14. e4 {[%clk 01:08:36]} {[%emt 00:00:51]} Bb4
{[%clk 00:55:19]} {[%emt 00:18:54]} 15. Nf3 {[%clk 01:06:11]} {[%emt 00:02:55]}
dxc4 {[%clk 00:44:51]} {[%emt 00:10:58]} 16. bxc4 {[%clk 01:05:20]} {[%emt
00:01:21]} Ba3 {[%clk 00:44:49]} {[%emt 00:00:33]} 17. Bc3 {[%clk 01:04:25]}
{[%emt 00:01:24]} Bb4 {[%clk 00:41:45]} {[%emt 00:03:34]} 18. Bxb4 {[%clk
00:58:18]} {[%emt 00:06:37]} Qxb4 {[%clk 00:42:08]} {[%emt 00:00:08]} 19. e5
{[%clk 00:56:21]} {[%emt 00:02:27]} f5 {[%clk 00:41:56]} {[%emt 00:00:42]} 20.
g4 {[%clk 00:54:39]} {[%emt 00:02:11]} fxg4 {[%clk 00:37:30]} {[%emt 00:04:57]}
21. Ng5 {[%clk 00:54:48]} {[%emt 00:00:20]} Nf8 {[%clk 00:37:53]} {[%emt
00:00:07]} 22. Qc2 {[%clk 00:20:25]} {[%emt 00:34:53]} g6 {[%clk 00:34:37]}
{[%emt 00:04:32]} 23. Rab1 {[%clk 00:15:15]} {[%emt 00:06:09]} Qe7 {[%clk
00:30:00]} {[%emt 00:05:07]} 24. Rbd1 {[%clk 00:09:17]} {[%emt 00:06:28]} Rxd4
{[%clk 00:20:08]} {[%emt 00:10:21]} 25. Ne4 {[%clk 00:07:39]} {[%emt 00:02:09]}
c5 {[%clk 00:16:00]} {[%emt 00:04:38]} 26. Nd6 {[%clk 00:06:58]} {[%emt
00:01:11]} Bb7 {[%clk 00:15:52]} {[%emt 00:00:38]} 27. Be2 {[%clk 00:06:36]}
{[%emt 00:00:51]} Rxd1 {[%clk 00:15:20]} {[%emt 00:01:03]} 28. Qxd1 {[%clk
00:06:51]} {[%emt 00:00:15]} h5 {[%clk 00:15:38]} {[%emt 00:00:11]} 29. Bd3
{[%clk 00:06:40]} {[%emt 00:00:41]} Rd8 {[%clk 00:14:12]} {[%emt 00:01:56]} 30.
Qc2 {[%clk 00:06:23]} {[%emt 00:00:48]} Kg7 {[%clk 00:14:09]} {[%emt 00:00:32]}
31. Rd1 {[%clk 00:06:33]} {[%emt 00:00:20]} Bf3 {[%clk 00:13:09]} {[%emt
00:01:31]} 32. Rd2 {[%clk 00:06:21]} {[%emt 00:00:42]} Qh4 {[%clk 00:12:58]}
{[%emt 00:00:40]} 33. Rf2 {[%clk 00:06:40]} {[%emt 00:00:12]} Bc6 {[%clk
00:12:37]} {[%emt 00:00:51]} 34. Be4 {[%clk 00:07:04]} {[%emt 00:00:06]} g3
{[%clk 00:12:28]} {[%emt 00:00:39]} 35. Rf1 {[%clk 00:06:00]} {[%emt 00:01:32]}
Rxd6 {[%clk 00:12:35]} {[%emt 00:00:25]} 36. exd6 {[%clk 00:05:40]} {[%emt
00:00:50]} Qxh2+ {[%clk 00:11:59]} {[%emt 00:01:06]} 37. Qxh2 {[%clk 00:06:04]}
{[%emt 00:00:06]} gxh2+ {[%clk 00:12:25]} {[%emt 00:00:04]} 38. Kxh2 {[%clk
00:06:24]} {[%emt 00:00:10]} Bxe4 {[%clk 00:12:51]} {[%emt 00:00:05]} 39. Re1
{[%clk 00:06:00]} {[%emt 00:00:53]} Bf5 {[%clk 00:13:11]} {[%emt 00:00:09]} 40.
Re3 {[%clk 00:05:52]} {[%emt 00:00:38]} Nd7 {[%clk 00:13:17]} {[%emt 00:00:25]}
41. Ra3 {[%clk 00:05:57]} {[%emt 00:00:25]} a5 {[%clk 00:13:42]} {[%emt
00:00:05]} 42. Kg3 {[%clk 00:06:23]} {[%emt 00:00:04]} Kf6 {[%clk 00:13:56]}
{[%emt 00:00:17]} 43. Re3 {[%clk 00:06:38]} {[%emt 00:00:14]} e5 {[%clk
00:13:38]} {[%emt 00:00:48]} 44. fxe5+ {[%clk 00:06:18]} {[%emt 00:00:50]} Nxe5
{[%clk 00:14:02]} {[%emt 00:00:06]} 45. Rc3 {[%clk 00:05:46]} {[%emt 00:01:02]}
g5 {[%clk 00:14:21]} {[%emt 00:00:11]} 46. Rc1 {[%clk 00:05:26]} {[%emt
00:00:50]} h4+ {[%clk 00:14:28]} {[%emt 00:00:23]} 47. Kh2 {[%clk 00:05:52]}
{[%emt 00:00:04]} g4 {[%clk 00:14:44]} {[%emt 00:00:14]} 48. Rf1 {[%clk
00:05:51]} {[%emt 00:00:30]} Ke6 {[%clk 00:14:33]} {[%emt 00:00:42]} 49. a3
{[%clk 00:06:02]} {[%emt 00:00:20]} Nf3+ {[%clk 00:14:55]} {[%emt 00:00:07]}
0-1